Logo BPK

Biblioteka

Politechniki Koszalińskiej

Schlaglichter der deutschen Geschichte / (Rekord nr 49463)

Szczegóły MARC
000 -ETYKIETA REKORDU
podpole kontrolne o stałej długości 00733nam a2200229 i 4500
001 - NUMER KONTROLNY REKORDU
pole kontrolne bgj
020 ## - MIĘDZYNARODOWY ZNORMALIZOWANY NUMER KSIĄŻKI - ISBN
ISBN 3893310649
040 ## - ŹRÓDŁO KATALOGOWANIA
Instytucja, która utworzyła rekord BPK
041 0# - KOD JĘZYKA
Kod języka tekstu ger
920 ## - Międzynarodowy znormalizowany numer książki – ISBN
ISBN 3-89331-064-9
008 - POLE O STAŁEJ DŁUGOŚCI - DANE KONTROLNE
podpole kontrolne o stałej długości s gw f |000 0 ger
100 1# - NAZWA OSOBOWA
Nazwa osobowa MÜLLER, Helmut M.
245 10 - TYTUŁ/ODPOWIEDZIALNOŚĆ
Tytuł Schlaglichter der deutschen Geschichte /
Pozostałe elementy strefy tytułu i oznaczenia odpowiedzialności Helmut M. Müller ; In zusammenarbeit mit Karl Friedrich Krieger, Hanna Vollrath und Meyers Lexikonredaktion.
260 ## - STREFA ADRESU WYDAWNICZEGO
Miejsce wydania Bonn :
Nazwa wydawcy/dystrybutora Bundeszentrale für politische Bildung,
Data publikacji, dystrybucji/powstania dokumentu 1993.
300 ## - STREFA OPISU FIZYCZNEGO
Objętość 480 S. :
Inne cechy fizyczne ill. ;
Rozmiary 23 cm.
505 ## - SFORMALIZOWANA UWAGA DOTYCZĄCA ZAWARTOŚCI
Pełny tekst uwagi Register.
651 #9 - HASŁO PRZEDMIOTOWE W FORMIE NAZWY GEOGRAFICZNEJ
Nazwa geograficzna Deutschland
Określnik ogólny Geschichte
700 1# - HASŁO DODATKOWE - NAZWA OSOBOWA
Nazwa osobowa KRIEGER, Karl Friedrich
700 1# - HASŁO DODATKOWE - NAZWA OSOBOWA
Nazwa osobowa VOLLRATH, Hanna
710 p0 - HASŁO DODATKOWE - NAZWA CIAŁA ZBIOROWEGO
Nazwa ciała zbiorowego lub jednostki geograficznej Meyers Lexikonredaktion
856 ## - LOKALIZACJA I DOSTĘP DO ELEKTRONICZNYCH DOKUMENTÓW ZDALNYCH
Link (URL) http://koha.tu.koszalin.pl/cgi-bin/koha/opac-detail.pl?biblionumber=49463
Tekst linku Katalog online BPK
942 ## - DODATKOWE ELEMENTY (KOHA)
Typ dokumentu Książka
Egzemplarze
Wycofany Status egzemplarza Uszkodzony Dostępność Lokalizacja stała Lokalizacja bieżąca Miejsce przechowywania Sygnatura Kod kreskowy Typ dokumentu
      Dostępny Biblioteka Politechniki Koszalińskiej Biblioteka Politechniki Koszalińskiej Wypożyczalnia Językowa N 1158 01581966 Książka
© 2023 Biblioteka Politechniki Koszalińskiej :: KOHA